Catalog

Record Details

Catalog Search



Available copies

  • 1 of 1 copy available at LARL/NWRL Consortium. (Show)
  • 1 of 1 copy available at Lake Agassiz Regional Library.

Current holds

0 current holds with 1 total copy.

Show Only Available Copies
Location Call Number / Copy Notes Barcode Shelving Location Status Due Date
Crookston Public Library CAO (Text) 33500011936754 Main Available -

Record details

  • ISBN: 9780670016921
  • ISBN: 0670016926
  • Physical Description: 388 pages ; 24 cm
  • Publisher: New York : Viking, [2014]

Content descriptions

Summary, etc.:
"Cao transports readers back to the war, ... Read More
Subject: Vietnamese Americans > Fiction.
Family secrets > Fiction.
Vietnamese diaspora > Fiction.
Vietnam War, 1961-1975.
FICTION / Literary.
FICTION / Cultural Heritage.
FICTION / Biographical.
Vietnam War (1961-1975)
Family secrets.
Vietnamese Americans.
Vietnamese diaspora.
Genre: War stories.
Love stories.
Suspense fiction.
Fiction.
LDR 02907cam a2200589 i 4500
001171563
003LARL_NWRL_CONSORTIUM
00520141029102228.0
008131216s2014 nyu 000 1 eng
010 . ‡a2013047861
019 . ‡a885246778
020 . ‡a9780670016921 ‡q(hardback)
020 . ‡a0670016926 ‡q(hardback)
0248 . ‡a40023955432
035 . ‡a(OCoLC)861478937 ‡z(OCoLC)885246778
040 . ‡aDLC ‡beng ‡erda ‡cDLC ‡dYDXCP ‡dBTCTA ‡dBDX ‡dIH7 ‡dOCLCF ‡dOCLCO ‡dCDX ‡dVP@ ‡dZCU ‡dCUI ‡dYUS ‡dCOO ‡dFOLLT
042 . ‡apcc
043 . ‡aa-vt--- ‡an-us---
05000. ‡aPS3553.A5823 ‡bL68 2014
08200. ‡a813/.54 ‡223
084 . ‡aFIC019000 ‡aFIC051000 ‡aFIC041000 ‡2bisacsh
1001 . ‡aCao, Lan, ‡d1961- ‡eauthor.
24514. ‡aThe lotus and the storm/ ‡cLan Cao.
2463 . ‡aLotus & the storm
260 . ‡aNew York : ‡bViking, ‡c[2014]
300 . ‡a388 pages ; ‡c24 cm
336 . ‡atext ‡2rdacontent
337 . ‡aunmediated ‡2rdamedia
338 . ‡avolume ‡2rdacarrier
520 . ‡a"Cao transports readers back to the war, illuminating events central to twentieth-century history through the lives of one Vietnamese American family. Minh is a former South Vietnamese commander of the airborne brigade who left his homeland with his daughter, Mai. During the war, their lives became entwined with those of two Americans: James, a soldier, and Cliff, a military adviser. Forty years later, Minh and his daughter Mai live in a close-knit Vietnamese immigrant community in suburban Virginia. As Mai discovers a series of devastating truths about what really happened to her family during those years, Minh reflects upon his life and the story of love and betrayal that has remained locked in his heart since the fall of Saigon"-- ‡cProvided by publisher.
650 0. ‡aVietnamese Americans ‡vFiction.
650 0. ‡aFamily secrets ‡vFiction. ‡0(LARL_NWRL_CONSORTIUM)164948
650 0. ‡aVietnamese diaspora ‡vFiction.
650 0. ‡aVietnam War, 1961-1975. ‡0(LARL_NWRL_CONSORTIUM)33939
650 7. ‡aFICTION / Literary. ‡2bisacsh
650 7. ‡aFICTION / Cultural Heritage. ‡2bisacsh
650 7. ‡aFICTION / Biographical. ‡2bisacsh
61127. ‡aVietnam War (1961-1975) ‡2fast
650 7. ‡aFamily secrets. ‡2fast ‡0(LARL_NWRL_CONSORTIUM)162327
650 7. ‡aVietnamese Americans. ‡2fast ‡0(LARL_NWRL_CONSORTIUM)33938
650 7. ‡aVietnamese diaspora. ‡2fast
648 7. ‡a1961 - 1975 ‡2fast
655 7. ‡aWar stories. ‡2gsafd
655 7. ‡aLove stories. ‡2gsafd
655 7. ‡aSuspense fiction. ‡2gsafd
655 7. ‡aFiction. ‡2fast
948 . ‡hNO HOLDINGS IN LAL - 503 OTHER HOLDINGS
994 . ‡aZ0 ‡bLAL
901 . ‡a171563 ‡bOCLC ‡c171563 ‡tbiblio

Additional Resources